000 00648nam a22002417a 4500
003 UA-OsUOA
001 99153
007 ta
008 20130424b un ||||| |||| 00| 0 ukr d
100 _aСмирнов С.
090 _a821.161.1
_bС50
942 _cBK
040 _aUA-OsUOA
_brus
_cUA-OsUOA
_dUA-OsUOA
245 _aРассказы о неизвестных героях
300 _a416 с.
955 _a3
041 _arus
080 _a821.161.1
260 _aМ.
_bСоветский писатель
_c1985
044 _aRU
650 7 _a82 Література. Літературознавство
_2UDC
999 _c385685
_d385685